[Event "St Petersburg-ch (Women) 88th"]
[Site "St Petersburg"]
[Date "2020.09.29"]
[Round "8"]
[White "Petrova, Varvara"]
[Black "Titievskaya, Elizaveta"]
[Result "0-1"]
[WhiteElo "1586"]
[BlackElo "1769"]
[PlyCount "122"]
[EventDate "2020.09.22"]
[EventType "swiss"]
[EventRounds "9"]
[EventCountry "RUS"]
[SourceTitle "EXT 2021"]
[Source "ChessBase"]
[SourceDate "2020.10.23"]
[SourceVersion "1"]
[SourceVersionDate "2020.10.23"]
[SourceQuality "1"]

1. e4 c5 2. Nf3 Nc6 3. d4 cxd4 4. Nxd4 Nf6 5. Nc3 e5 6. Ndb5 d6 7. Bg5 a6 8. Na3 b5 9. Nd5 Be7 10. Bxf6 Bxf6 11. c3 0-0 12. Be2 Bg5 13. Nc2 Be6 14. Nde3 Ne7 15. Bf3 Rc8 16. 0-0 Ng6 17. g3 Ne7 18. Bg2 Bxe3 19. Nxe3 Qb6 20. Qd2 Rfd8 21. Rfd1 Rd7 22. Qd3 Qc5 23. Nd5 Bxd5 24. exd5 f5 25. Qe3 Qxe3 26. fxe3 e4 27. Rd4 Rc5 28. Rad1 g6 29. Bf1 Rdc7 30. a4 Nc8 31. axb5 axb5 32. Rb4 Na7 33. Kf2 Kf7 34. Rdd4 Kf6 35. c4 bxc4 36. Bxc4 Ke5 37. b3 Nc8 38. Rb8 g5 39. Rd1 Ra5 40. Re1 Ra2+ 41. Re2 Rxe2+ 42. Kxe2 f4 43. gxf4+ gxf4 44. Kd2 f3 45. Ke1 Kf5 46. Kf2 Kg4 47. Kg1 Kh3 48. Bf1+ Kh4 49. Bc4 Rg7+ 50. Kf1 Ne7 51. Rh8 Nf5 52. Kf2 Kh3 53. Re8 Rg2+ 54. Ke1 Nxe3 55. Bf1 Nc2+ 56. Kd1 e3 57. Bxg2+ fxg2 58. Rg8 Kxh2 59. Kxc2 g1Q 60. Rxg1 Kxg1 61. Kd3 Kf2 0-1

[Event "St Petersburg-ch (Women) 88th"]
[Site "St Petersburg"]
[Date "2020.09.26"]
[Round "5.1"]
[White "Titievskaya, Elizaveta"]
[Black "Pogorelskikh, Sofia"]
[Result "0-1"]
[WhiteElo "1769"]
[BlackElo "2255"]
[PlyCount "58"]
[EventDate "2020.09.22"]
[EventType "swiss"]
[EventRounds "9"]
[EventCountry "RUS"]
[SourceTitle "EXT 2021"]
[Source "ChessBase"]
[SourceDate "2020.10.23"]
[SourceVersion "1"]
[SourceVersionDate "2020.10.23"]
[SourceQuality "1"]

1. e4 c5 2. Ne2 Nc6 3. d4 cxd4 4. Nxd4 Nf6 5. Nc3 e5 6. Ndb5 d6 7. Bg5 a6 8. Na3 b5 9. Nd5 Be7 10. Bxf6 Bxf6 11. c3 0-0 12. Nc2 Bg5 13. h4 Bh6 14. g4 Bf4 15. Qf3 Rb8 16. Nxf4 exf4 17. Qxf4 b4 18. Nd4 Ne5 19. c4 Bxg4 20. f3 Bd7 21. h5 f5 22. Rg1 fxe4 23. Qg3 Qf6 24. f4 Nd3+ 25. Bxd3 exd3 26. Qxd3 Rbe8+ 27. Kd1 Qxf4 28. Qd2 Re4 29. Ne2 Bg4 0-1

[Event "St Petersburg-ch (Women) 88th"]
[Site "St Petersburg"]
[Date "2020.09.22"]
[Round "1"]
[White "Moiseeva, Olesya"]
[Black "Titievskaya, Elizaveta"]
[Result "0-1"]
[WhiteElo "2035"]
[BlackElo "1769"]
[PlyCount "64"]
[EventDate "2020.09.22"]
[EventType "swiss"]
[EventRounds "9"]
[EventCountry "RUS"]
[SourceTitle "EXT 2021"]
[Source "ChessBase"]
[SourceDate "2020.10.23"]
[SourceVersion "1"]
[SourceVersionDate "2020.10.23"]
[SourceQuality "1"]

1. e4 c5 2. Nf3 Nc6 3. c4 g6 4. d4 cxd4 5. Nxd4 Bg7 6. Be3 Nf6 7. Nc3 Ng4 8. Qxg4 Nxd4 9. Qd1 e5 10. Bd3 0-0 11. 0-0 d6 12. Qd2 Ne6 13. Rad1 f5 14. f3 f4 15. Bf2 Rf7 16. Bc2 Qf6 17. Qxd6 Rd7 18. Nd5 Qf7 19. Qb4 g5 20. Ba4 Rd8 21. Ne7+ Kh8 22. Rxd8+ Nxd8 23. Rd1 Be6 24. b3 g4 25. Bc5 gxf3 26. gxf3 Bh3 27. Kh1 Ne6 28. Bg1 Qh5 29. Rd3 Bf8 30. Qd2 Bxe7 31. Bd7 Rg8 32. Bxe6 Bxe6 0-1

[Event "Chigorin Memorial 25th"]
[Site "St Petersburg"]
[Date "2017.10.29"]
[Round "9"]
[White "Titievskaya, Elizaveta"]
[Black "Kutyanina, Mariya"]
[Result "1-0"]
[WhiteElo "1798"]
[BlackElo "2020"]
[PlyCount "145"]
[EventDate "2017.10.21"]
[EventType "swiss"]
[EventRounds "9"]
[EventCountry "RUS"]
[SourceTitle "CBM 181 Extra"]
[Source "ChessBase"]
[SourceDate "2017.12.12"]
[SourceVersion "1"]
[SourceVersionDate "2017.12.12"]
[SourceQuality "1"]

1. e4 c5 2. Nf3 d6 3. d4 cxd4 4. Nxd4 Nf6 5. Nc3 a6 6. Bg5 e6 7. f4 Be7 8. Qf3 h6 9. Bh4 Qc7 10. 0-0-0 Nbd7 11. Be2 g5 12. fxg5 Ne5 13. Qg3 Rg8 14. Rhf1 Nh7 15. g6 Rxg6 16. Qf2 Ng5 17. Bh5 Rf6 18. Qe2 Rxf1 19. Rxf1 b5 20. Bg3 b4 21. Nd1 Qc5 22. Bf2 Qc4 23. Qxc4 Nxc4 24. b3 Na3 25. Be1 e5 26. Nc6 Be6 27. Nxe7 Kxe7 28. Bxb4 Nb5 29. Nf2 a5 30. Bd2 a4 31. Kb2 a3+ 32. Ka1 Rc8 33. c4 Nd4 34. Bc3 Nc2+ 35. Kb1 Ne3 36. Rg1 Rb8 37. Kc1 f5 38. Bd2 f4 39. h4 Nh7 40. Bxe3 fxe3 41. Nd1 Nf6 42. Bf3 e2 43. Nc3 Rg8 44. Nxe2 Bg4 45. Kd2 Nd7 46. Ke3 Nc5 47. Rb1 h5 48. b4 Na4 49. Rc1 Be6 50. Nc3 Nb2 51. Nd5+ Bxd5 52. exd5 Rb8 53. c5 Rxb4 54. c6 Nc4+ 55. Kd3 Nb2+ 56. Ke2 Rc4 57. Rxc4 Nxc4 58. Bxh5 Nb6 59. Bf3 Na4 60. Kd3 Nc5+ 61. Kc4 e4 62. Bg4 Kd8 63. Be2 Kc7 64. h5 e3 65. Bf3 Ne4 66. Kd3 e2 67. Bxe2 Nf6 68. Bf3 Nh7 69. Ke4 Ng5+ 70. Kf5 Nf7 71. Kf6 Ne5 72. h6 Nd3 73. h7 1-0

[Event "Chigorin Memorial 25th"]
[Site "St Petersburg"]
[Date "2017.10.25"]
[Round "5"]
[White "Titievskaya, Elizaveta"]
[Black "Nikonov, Alexej"]
[Result "1-0"]
[WhiteElo "1798"]
[BlackElo "2052"]
[PlyCount "79"]
[EventDate "2017.10.21"]
[EventType "swiss"]
[EventRounds "9"]
[EventCountry "RUS"]
[SourceTitle "CBM 181 Extra"]
[Source "ChessBase"]
[SourceDate "2017.12.12"]
[SourceVersion "1"]
[SourceVersionDate "2017.12.12"]
[SourceQuality "1"]

1. e4 d5 2. exd5 Nf6 3. d4 Nxd5 4. Be2 g6 5. Nf3 Bg7 6. 0-0 0-0 7. h3 Nc6 8. c4 Nb6 9. d5 Ne5 10. Qb3 e6 11. Rd1 exd5 12. cxd5 Bd7 13. a4 Nxf3+ 14. Bxf3 Qh4 15. Nc3 Bd4 16. Ne4 Bxf2+ 17. Nxf2 Bxa4 18. Rxa4 Qxa4 19. Qc3 Qc4 20. Qf6 Nd7 21. Qe7 Rad8 22. Ng4 h5 23. Nh6+ Kg7 24. Qg5 Qc2 25. Rf1 f6 26. Qg3 Rh8 27. Qf4 Qc5+ 28. Kh1 Qd6 29. Qd2 Ne5 30. Bxh5 Nc4 31. Qc2 Ne5 32. Qd2 Qxd5 33. Qf2 Rd6 34. Qf4 Nd3 35. Qg3 Qxh5 36. Nf5+ Qxf5 37. Rxf5 Nxc1 38. Rc5 Rd1+ 39. Kh2 Rhd8 40. Qe3 1-0

[Event "Chigorin Memorial 25th"]
[Site "St Petersburg"]
[Date "2017.10.22"]
[Round "2"]
[White "Bhambure, Shantanu"]
[Black "Titievskaya, Elizaveta"]
[Result "1-0"]
[WhiteElo "2088"]
[BlackElo "1798"]
[PlyCount "59"]
[EventDate "2017.10.21"]
[EventType "swiss"]
[EventRounds "9"]
[EventCountry "RUS"]
[SourceTitle "CBM 181 Extra"]
[Source "ChessBase"]
[SourceDate "2017.12.12"]
[SourceVersion "1"]
[SourceVersionDate "2017.12.12"]
[SourceQuality "1"]

1. d4 Nf6 2. c4 c5 3. d5 b5 4. cxb5 a6 5. f3 d6 6. e4 g6 7. a4 Nbd7 8. Na3 Bg7 9. Ne2 0-0 10. Nc3 Qc7 11. Nc4 Ne8 12. Bg5 Qd8 13. Be2 Bd4 14. Be3 Bf6 15. 0-0 Ne5 16. Na3 h5 17. Qd2 Kh7 18. h3 e6 19. f4 Nd7 20. e5 dxe5 21. dxe6 fxe6 22. fxe5 Be7 23. Nc4 Bb7 24. Rfd1 Bc8 25. b6 Rb8 26. a5 Ng7 27. Ne4 Nf5 28. Ng5+ Bxg5 29. Bxg5 Qe8 30. g4 1-0

[Event "Chigorin Memorial 25th"]
[Site "St Petersburg"]
[Date "2017.10.21"]
[Round "1"]
[White "Titievskaya, Elizaveta"]
[Black "Yeritsyan, Aram"]
[Result "0-1"]
[WhiteElo "1798"]
[BlackElo "2293"]
[PlyCount "84"]
[EventDate "2017.10.21"]
[EventType "swiss"]
[EventRounds "9"]
[EventCountry "RUS"]
[SourceTitle "CBM 181 Extra"]
[Source "ChessBase"]
[SourceDate "2017.12.12"]
[SourceVersion "1"]
[SourceVersionDate "2017.12.12"]
[SourceQuality "1"]

1. e4 e5 2. Nf3 Nc6 3. Bb5 a6 4. Ba4 Nf6 5. 0-0 Be7 6. Re1 b5 7. Bb3 0-0 8. c3 d5 9. exd5 Nxd5 10. Nxe5 Nxe5 11. Rxe5 c6 12. d4 Bd6 13. Re1 Qh4 14. g3 Qh3 15. Qf3 Bg4 16. Qg2 Qh5 17. Be3 Bf3 18. Qf1 f5 19. Nd2 f4 20. Nxf3 fxe3 21. fxe3 Rxf3 22. Qg2 Raf8 23. Bd1 Qg4 24. a4 h5 25. e4 Nb6 26. axb5 axb5 27. Bxf3 Rxf3 28. e5 Be7 29. Ra6 Nd5 30. Ra8+ Kh7 31. Rf1 Rxf1+ 32. Qxf1 h4 33. b3 hxg3 34. Qd3+ g6 35. hxg3 Nf4 36. Qe3 Bg5 37. Qe1 Nd3 38. Qf1 Qxg3+ 39. Qg2 Qe1+ 40. Kh2 Bf4+ 41. Kh3 Nf2+ 42. Kh4 g5+ 0-1

[Event "Chigorin Memorial 24th"]
[Site "St Petersburg"]
[Date "2016.10.23"]
[Round "9"]
[White "Ageeva, Vasilisa"]
[Black "Titievskaya, Elizaveta"]
[Result "1-0"]
[WhiteElo "1556"]
[BlackElo "1774"]
[PlyCount "57"]
[EventDate "2016.10.15"]
[EventType "swiss"]
[EventRounds "9"]
[EventCountry "RUS"]
[SourceTitle "CBM 175 Extra"]
[Source "ChessBase"]
[SourceDate "2016.12.12"]
[SourceVersion "1"]
[SourceVersionDate "2016.12.12"]
[SourceQuality "1"]

1. e4 e5 2. Nf3 Nc6 3. Bb5 Nge7 4. Nc3 g6 5. Bc4 Bg7 6. Ng5 d5 7. exd5 Na5 8. Bb5+ c6 9. dxc6 bxc6 10. Ba4 0-0 11. d3 Nd5 12. Nxd5 Qxd5 13. Qf3 Qd6 14. Bd2 Qc7 15. c3 Bd7 16. 0-0 Nb7 17. Bb3 Nd6 18. Rfe1 a5 19. a3 Rab8 20. Ba4 Rxb2 21. Be3 f6 22. Ne4 Nxe4 23. Qxe4 Rbb8 24. Bc5 Rfd8 25. Qc4+ Kh8 26. Qf7 Qc8 27. Bb3 Rb7 28. Qc4 Be8 29. Qg8# 1-0